Sinodal de Aguilafuente (Record no. 89056)
[ view plain ]
| 000 -LEADER | |
|---|---|
| campo de control de longitud fija | 01712nam a2200397 i 4500 |
| 001 - NÚMERO DE CONTROL | |
| campo de control | 89056 |
| 003 - IDENTIFICADOR DE NÚMERO DE CONTROL | |
| campo de control | ES-MaACL |
| 005 - FECHA Y HORA DE LA ÚLTIMA TRANSACCIÓN | |
| campo de control | 20250817143245.0 |
| 007 - CAMPO FIJO DE DESCRIPCIÓN FÍSICA--INFORMACIÓN GENERAL | |
| campo de control de longitud fija | t| |
| 008 - DATOS DE LONGITUD FIJA--INFORMACIÓN GENERAL | |
| campo de control de longitud fija | 050126s2004 sp ||||1| spa d |
| 020 ## - NÚMERO INTERNACIONAL ESTÁNDAR DEL LIBRO | |
| Número Internacional Estándar del Libro | 84-96145-17-4 |
| 080 ## - NÚMERO DE LA CLASIFICACIÓN DECIMAL UNIVERSAL | |
| Número de la Clasificación Decimal Universal | 262.4(460.188) |
| 080 ## - NÚMERO DE LA CLASIFICACIÓN DECIMAL UNIVERSAL | |
| Número de la Clasificación Decimal Universal | 093(460.188 S.)(091) |
| 080 ## - NÚMERO DE LA CLASIFICACIÓN DECIMAL UNIVERSAL | |
| Número de la Clasificación Decimal Universal | 655.11(460.188 S.)(091) |
| 080 ## - NÚMERO DE LA CLASIFICACIÓN DECIMAL UNIVERSAL | |
| Número de la Clasificación Decimal Universal | 27(460.188) |
| 110 2# - ENTRADA PRINCIPAL--NOMBRE DE ENTIDAD CORPORATIVA | |
| Nombre de entidad corporativa o nombre de jurisdicción como elemento de entrada | Segovia (Diócesis). |
| Unidad subordinada | Sínodo. |
| Fecha de publicación/de la obra | 1472. |
| 9 (RLIN) | 6540 |
| 245 10 - MENCIÓN DEL TÍTULO | |
| Título | Sinodal de Aguilafuente |
| Resto del título | : primer libro impreso en España (Segovia, Juan Párix, c. 1472) / |
| Mención de responsabilidad, etc. | edición, Fermín de los Reyes Gómez ; transcripción, Susana Vilches y Pompeyo Martín ; prólogo, Silvia Clemente Municio ; preliminares Atilano Soto y Gonzalo Santonja. |
| 260 ## - PUBLICACIÓN, DISTRIBUCIÓN, ETC. | |
| Lugar de publicación, distribución, etc. | [Segovia] : |
| Nombre del editor, distribuidor, etc. | Instituto Castellano y Leonés de la Lengua, |
| Fecha de publicación, distribución, etc. | [2004] |
| 300 ## - DESCRIPCIÓN FÍSICA | |
| Extensión | 154, [99] p. ; |
| Dimensiones | 23 cm. |
| 490 1# - MENCIÓN DE SERIE | |
| Mención de serie | Libros singulares ; |
| Designación de volumen o secuencia | 1 |
| 500 ## - NOTA GENERAL | |
| Nota general | En la port.: Junta de Castilla y León, Caja Segovia, Obra Social y Cultural. |
| 504 ## - NOTA DE BIBLIOGRAFÍA, ETC. | |
| Nota de bibliografía, etc. | Bibliografía: p. 85-89. |
| 534 ## - NOTA SOBRE LA VERSIÓN ORIGINAL | |
| Frase introductoria | Reprod. de la ed. de: |
| Publicación, distribución, etc. del original | -- Segovia : Juan Párix, ca. 1472. |
| 610 27 - PUNTO DE ACCESO ADICIONAL DE MATERIA--NOMBRE DE ENTIDAD CORPORATIVA | |
| Nombre de entidad corporativa o nombre de jurisdicción como elemento de entrada | Segovia (Diócesis). |
| Unidad subordinada | Sínodo. |
| Fecha de publicación/de la obra | 1472. |
| Título de la obra | Sinodal de Aguilafuente. |
| 9 (RLIN) | 6541 |
| 650 14 - PUNTO DE ACCESO ADICIONAL DE MATERIA--TÉRMINO DE MATERIA | |
| Término de materia o nombre geográfico como elemento de entrada | Imprenta- |
| Subdivisión general | Segovia |
| 9 (RLIN) | 13614 |
| 651 #4 - PUNTO DE ACCESO ADICIONAL DE MATERIA--NOMBRE GEOGRÁFICO | |
| Nombre geográfico | Segovia (Diócesis)- |
| Subdivisión general | Historia eclesiástica- |
| Subdivisión cronológica | S.XV. |
| 9 (RLIN) | 9373 |
| 700 1# - ENTRADA AGREGADA--NOMBRE PERSONAL | |
| Nombre de persona | Reyes Gómez, Fermín de los. |
| 9 (RLIN) | 96584 |
| 700 1# - ENTRADA AGREGADA--NOMBRE PERSONAL | |
| Nombre de persona | Martín Pérez, Pompeyo. |
| 9 (RLIN) | 77607 |
| 700 1# - ENTRADA AGREGADA--NOMBRE PERSONAL | |
| Nombre de persona | Clemente Municio, Silvia. |
| 9 (RLIN) | 39207 |
| 700 1# - ENTRADA AGREGADA--NOMBRE PERSONAL | |
| Nombre de persona | Soto, Atilano. |
| 9 (RLIN) | 107478 |
| 700 1# - ENTRADA AGREGADA--NOMBRE PERSONAL | |
| Nombre de persona | Santonja, Gonzalo, |
| Fechas asociadas al nombre | 1952- |
| 9 (RLIN) | 103451 |
| 700 1# - ENTRADA AGREGADA--NOMBRE PERSONAL | |
| Nombre de persona | Vilches Crespo, Susana. |
| 9 (RLIN) | 154087 |
| 830 0# - PUNTO DE ACCESO ADICIONAL DE SERIE-TÍTULO UNIFORME | |
| Título uniforme | Libros singulares ; |
| Designación de volumen o secuencia | 1 |
| 9 (RLIN) | 191853 |
| 852 ## - LOCALIZACIÓN | |
| Ubicación | ES-MaACL |
| Número de control de estantería | L-28703 |
| Sublocalización o colección | R.135015 |
| Estatus retirado | Estado de pérdida | Estado de daño | No para préstamo | Biblioteca de origen | Biblioteca actual | Ubicación en estantería | Fecha de adquisición | Fuente de adquisición | Total de préstamos | Signatura topográfica completa | Código de barras | Visto por última vez | Precio de reemplazo | Tipo de ítem Koha |
|---|---|---|---|---|---|---|---|---|---|---|---|---|---|---|
| Biblioteca del Ateneo de Madrid | Biblioteca del Ateneo de Madrid | Depósito 2 | 17/01/2008 | L-28703 | 1093011 | 23/02/2023 | 23/02/2023 | Libro impreso |
